书目信息 |
| 题名: |
奥林匹克运动与妇女
|
|
| 作者: | 吕圣荣 , 孙葆丽 编著 | |
| 分册: | ||
| 出版信息: | 北京 大众文艺出版社 2006 |
|
| 页数: | 202页 | |
| 开本: | 19cm | |
| 丛书名: | 奥林匹克百科丛书 | |
| 单 册: | ||
| 中图分类: | G811.219 , K815.47 | |
| 科图分类: | ||
| 主题词: | 奥运会--体育运动史--史料 , 奥运会--女性--简介--世界 , 奥运会 , 体育运动史 , 女性 | |
| 电子资源: | ||
| ISBN: | 7-80094-875-7 | |
| 000 | 01103oam2 2200337 45 | |
| 001 | 012006092501 | |
| 005 | 20070707103046.15 | |
| 010 | @a7-80094-875-7@dCNY158.00(共8册) | |
| 092 | @aCN@b505333 | |
| 100 | @a20060925d2006 em y0chiy0120 ea | |
| 101 | 0 | @achi |
| 102 | @aCN@b110000 | |
| 105 | @ay z 000yd | |
| 200 | 1 | @a奥林匹克运动与妇女@Aao lin pi ke yun dong yu fu nu^@f吕圣荣,孙葆丽编著@Flu^ sheng rong, sun bao li bian zhu |
| 205 | @a2版 | |
| 210 | @a北京@c大众文艺出版社@d2006 | |
| 215 | @a202页@d19cm | |
| 225 | 2 | @a奥林匹克百科丛书@h二 |
| 330 | @a本书包括:古代奥运会与妇女、第二次世界大战前的奥林匹克运动与妇女、第二次世界大战后的奥林匹克运动与妇女、国际奥林匹克委员会女委员等内容。 | |
| 461 | 0 | @12001 @a奥林匹克百科丛书 |
| 606 | 0 | @a奥运会@x体育运动史@j史料 |
| 606 | 0 | @a奥运会@x女性@x简介@y世界 |
| 606 | 0 | @a奥运会 |
| 606 | 0 | @a体育运动史 |
| 606 | 0 | @a女性 |
| 690 | @aG811.219@v4 | |
| 690 | @aK815.47@v4 | |
| 701 | 0 | @a吕圣荣@Alu^ sheng rong@4编著 |
| 701 | 0 | @a孙葆丽@Asun bao li@4编著 |
| 801 | 0 | @aCN@bLZJBOOK@c20070707 |
| 905 | @a10447@dG811.219@e44=2 | |
| 奥林匹克运动与妇女/吕圣荣,孙葆丽编著.-2版.-北京:大众文艺出版社,2006 |
| 202页;19cm.-(奥林匹克百科丛书.二) |
| ISBN 7-80094-875-7:CNY158.00(共8册) |
| 本书包括:古代奥运会与妇女、第二次世界大战前的奥林匹克运动与妇女、第二次世界大战后的奥林匹克运动与妇女、国际奥林匹克委员会女委员等内容。 |
| ● |
| 相关链接 |
|
|
|
|
正题名:奥林匹克运动与妇女
索取号:G811.219/44=2
 
预约/预借
| 序号 | 登录号 | 条形码 | 馆藏地/架位号 | 状态 | 备注 |
| 1 | 0565322 | 205653229 | 第一样本阅览室/ [索取号:G811.219/44=2] | 在馆 | |
| 2 | 0565323 | 205653238 | 第四借阅区/ [索取号:G811.219/44=2] | 在馆 | |
| 3 | 0565324 | 205653247 | 密集书库/ [索取号:G811.219/44=2] | 在馆 | |
| 4 | 0565325 | 205653256 | 密集书库/ [索取号:G811.219/44=2] | 在馆 | |
| 5 | 0565326 | 205653265 | 第四借阅区/ [索取号:G811.219/44=2] | 在馆 |